003400000a22001210004500020001800000041000800018082002100026100003700047245009600084260002000180300001200200001000600212 a84-7530-466-40 aSPA04aG 839.717 K1852f1 aKarlfeldt, Erik Axel (1864-1931)10aFlora y pomona y otros poemas / Erik Axel Karlfeldt ; Jesús Pardo de Santayana, Traductor aMadrid : Orbis a155 Pag13235